000 00675nam a2200265Ia 4500
003 OSt
005 20221007105148.0
006 a|||||r|||| 00| 0
007 ta
008 221006b |||||||| |||| 00| 0 eng d
024 _a17,810
037 _cTextual
040 _aLCO
_cLCO
_beng
041 _2eng
_aeng
082 _aZ2,315, N0
100 _aDesai S.T.
_9633589
245 0 _aLaw of Partnership in India
250 _a6th
260 _aCalcutta
_bS C Sarkar & Sons Pvt.Ltd India
_c1990
300 _a455
650 _aPARTNERSHIP
700 _a Mulla
_9683289
942 _hZ2,315, N0
_cTEXL
999 _c1187373
_d1187373